| 000 | 00381nam a2200145Ia 4500 | ||
|---|---|---|---|
| 008 | 231019s9999 xx 000 0 und d | ||
| 020 | _a978-1-78415-031-0 | ||
| 082 |
_a658.3125 _bLYN-P |
||
| 100 | _aFoulks Lynch | ||
| 245 | 0 | _aACCA Paper F5 Performance management. Complete Text | |
| 260 |
_aUK _bKaplan Publishing _c2014 |
||
| 300 | _a474 | ||
| 650 | _aAccounting | ||
| 999 |
_c34573 _d34573 |
||